<?xml version="1.0" encoding="UTF-8"?>
<collection xmlns="http://www.loc.gov/MARC21/slim">
<record>
  <controlfield tag="001">169896</controlfield>
  <controlfield tag="005">20260306154908.0</controlfield>
  <datafield tag="024" ind1="7" ind2=" ">
    <subfield code="2">doi</subfield>
    <subfield code="a">10.1186/1752-4458-4-7</subfield>
  </datafield>
  <datafield tag="024" ind1="8" ind2=" ">
    <subfield code="2">sideral</subfield>
    <subfield code="a">109365</subfield>
  </datafield>
  <datafield tag="037" ind1=" " ind2=" ">
    <subfield code="a">ART-2010-109365</subfield>
  </datafield>
  <datafield tag="041" ind1=" " ind2=" ">
    <subfield code="a">eng</subfield>
  </datafield>
  <datafield tag="100" ind1=" " ind2=" ">
    <subfield code="a">Tricas Moreno, Jose</subfield>
    <subfield code="u">Universidad de Zaragoza</subfield>
    <subfield code="0">(orcid)0000-0002-3583-5206</subfield>
  </datafield>
  <datafield tag="245" ind1=" " ind2=" ">
    <subfield code="a">Descriptive study of stress and satisfaction at work in the Saragossa university services and administration staff</subfield>
  </datafield>
  <datafield tag="260" ind1=" " ind2=" ">
    <subfield code="c">2010</subfield>
  </datafield>
  <datafield tag="520" ind1="3" ind2=" ">
    <subfield code="a">Background: The notion of stress in connection with the work environment became an important topic during the 1970''s, when the first studies on the subject were published and the term of work stress was first coined. In 1974, Freudenberger proposed the term burnout to refer to the condition of physical and emotional exhaustion, as well as the associated negative attitudes, resulting from the intense interaction in working with people. The aim of our study is to examine burnout and job satisfaction in Saragossa University Services and Administration Staff (SAS) and detect the main factors which could contribute to too much stress, because job stress has emerged as a major psychosocial influence on mental health, associated with burnout.Methods: 24 people from the Services and Administration Staff in the University of Saragossa participated in the study. The research was carried out during the implementation of a module on Stress Management organised by the University of Saragossa and commissioned to the Unit for Research in Physical Therapy (University School of Health Sciences) from that University. This research is an exploratory research to improve the stress management program. A personal interview was carried out and additionally, participants were given the Maslach Burnout Inventory and the Scale of Satisfaction at Work of Warr, Cook &amp;amp; Wall.Results: However using small sample this is worth to state that participants present most of them low burnout levels in the burnout scale. Only in one person high exhaustion level was reflected, even though other seven showed mean levels; in the professional self-esteem section, most of them showed high self-esteem, with two cases of low self-esteem and five with mean level.With regard to satisfaction people participating in the study show mean levels in intrinsic as much as in extrinsic factors and general satisfaction.Conclusions: Services and Administration Staff from the University of Saragossa shows low burnout levels linked with high professional self-esteem and low emotional exhaustion and depersonalization.It has been found also medium levels in work satisfaction probably related with the continuous quality improvement efforts in the academics environment to create protective factors in decreasing levels of job stress.These results show that not only personality or temperament have an influence on burnout and stress, also the job conditions are related with these diseases. These aspects should be taken into account in the design of stress prevention programme at work. ¬© 2010 Moreno et al; licensee BioMed Central Ltd.</subfield>
  </datafield>
  <datafield tag="506" ind1="0" ind2=" ">
    <subfield code="a">Access copy available to the general public</subfield>
    <subfield code="f">Unrestricted</subfield>
  </datafield>
  <datafield tag="540" ind1=" " ind2=" ">
    <subfield code="9">info:eu-repo/semantics/openAccess</subfield>
    <subfield code="a">by</subfield>
    <subfield code="u">https://creativecommons.org/licenses/by/4.0/deed.es</subfield>
  </datafield>
  <datafield tag="655" ind1=" " ind2="4">
    <subfield code="a">info:eu-repo/semantics/article</subfield>
    <subfield code="v">info:eu-repo/semantics/publishedVersion</subfield>
  </datafield>
  <datafield tag="700" ind1=" " ind2=" ">
    <subfield code="a">Salavera Bordas, Carlos</subfield>
    <subfield code="u">Universidad de Zaragoza</subfield>
    <subfield code="0">(orcid)0000-0002-8072-2390</subfield>
  </datafield>
  <datafield tag="700" ind1=" " ind2=" ">
    <subfield code="a">Lucha Lopez, Ma Orosia</subfield>
    <subfield code="u">Universidad de Zaragoza</subfield>
    <subfield code="0">(orcid)0000-0002-9930-3903</subfield>
  </datafield>
  <datafield tag="700" ind1=" " ind2=" ">
    <subfield code="a">Vidal Peracho, Concepcion</subfield>
    <subfield code="0">(orcid)0000-0003-1444-7949</subfield>
  </datafield>
  <datafield tag="700" ind1=" " ind2=" ">
    <subfield code="a">Lucha Lopez, Ana</subfield>
    <subfield code="u">Universidad de Zaragoza</subfield>
    <subfield code="0">(orcid)0000-0002-8399-130X</subfield>
  </datafield>
  <datafield tag="700" ind1=" " ind2=" ">
    <subfield code="a">Estebanez de Miguel, Elena</subfield>
    <subfield code="u">Universidad de Zaragoza</subfield>
    <subfield code="0">(orcid)0000-0002-5161-7479</subfield>
  </datafield>
  <datafield tag="700" ind1=" " ind2=" ">
    <subfield code="a">Bernues Vazquez, Luis</subfield>
    <subfield code="u">Universidad de Zaragoza</subfield>
    <subfield code="0">(orcid)0000-0002-6408-5328</subfield>
  </datafield>
  <datafield tag="710" ind1="2" ind2=" ">
    <subfield code="1">1006</subfield>
    <subfield code="2">255</subfield>
    <subfield code="a">Universidad de Zaragoza</subfield>
    <subfield code="b">Dpto. Fisiatría y Enfermería</subfield>
    <subfield code="c">Área Enfermería</subfield>
  </datafield>
  <datafield tag="710" ind1="2" ind2=" ">
    <subfield code="1">1006</subfield>
    <subfield code="2">413</subfield>
    <subfield code="a">Universidad de Zaragoza</subfield>
    <subfield code="b">Dpto. Fisiatría y Enfermería</subfield>
    <subfield code="c">Área Fisioterapia</subfield>
  </datafield>
  <datafield tag="710" ind1="2" ind2=" ">
    <subfield code="1">4009</subfield>
    <subfield code="2">735</subfield>
    <subfield code="a">Universidad de Zaragoza</subfield>
    <subfield code="b">Dpto. Psicología y Sociología</subfield>
    <subfield code="c">Área Psicolog.Evolut.Educac</subfield>
  </datafield>
  <datafield tag="773" ind1=" " ind2=" ">
    <subfield code="g">4, 1 (2010), 7</subfield>
    <subfield code="p">Int. j. ment. health syst.</subfield>
    <subfield code="t">International Journal of Mental Health Systems</subfield>
    <subfield code="x">1752-4458</subfield>
  </datafield>
  <datafield tag="856" ind1="4" ind2=" ">
    <subfield code="s">441474</subfield>
    <subfield code="u">http://zaguan.unizar.es/record/169896/files/texto_completo.pdf</subfield>
    <subfield code="y">Versión publicada</subfield>
  </datafield>
  <datafield tag="856" ind1="4" ind2=" ">
    <subfield code="s">2281566</subfield>
    <subfield code="u">http://zaguan.unizar.es/record/169896/files/texto_completo.jpg?subformat=icon</subfield>
    <subfield code="x">icon</subfield>
    <subfield code="y">Versión publicada</subfield>
  </datafield>
  <datafield tag="909" ind1="C" ind2="O">
    <subfield code="o">oai:zaguan.unizar.es:169896</subfield>
    <subfield code="p">articulos</subfield>
    <subfield code="p">driver</subfield>
  </datafield>
  <datafield tag="951" ind1=" " ind2=" ">
    <subfield code="a">2026-03-06-14:49:59</subfield>
  </datafield>
  <datafield tag="980" ind1=" " ind2=" ">
    <subfield code="a">ARTICLE</subfield>
  </datafield>
</record>
</collection>